000 00383 a2200169 4500
001 189690
020 _a85-08-08960-0
040 _cMagnum
100 _aPorto, Cristina
240 1 0 _aSerafina primeiras histórias
_lpor
245 1 0 _aSerafina primeiras histórias
300 _a79
362 0 _a2005
440 1 _aÁtica
697 _aLITERATURA INFANTO-JUVENIL
942 _cBK
999 _c189690
_d189690